Stainless-steel pipe, 1/2 in. (13 mm) and larger (Record no. 82359)
[ view plain ]
| 000 -LEADER | |
|---|---|
| fixed length control field | 01524nam a2200349 a 4500 |
| 245 00 - TITLE STATEMENT | |
| Title | Stainless-steel pipe, 1/2 in. (13 mm) and larger |
| 260 ## - PUBLICATION, DISTRIBUTION, ETC. (IMPRINT) | |
| Place of publication | [New York?] : |
| Name of publisher | American Water Works Association, |
| Year of publication | 2012. |
| 300 ## - PHYSICAL DESCRIPTION | |
| Number of Pages | xii, 21 p. : |
| Other physical details | ill. |
| 500 ## - GENERAL NOTE | |
| General note | "ANSI/AWWA C220-12 (revision of ANSI/AWWA C220-07)." |
| General note | At head of title: AWWA standard. |
| General note | "Effective date: June 1, 2012. First edition approved by AWWA Board of Directors June 18, 1992. This edition approved Jan. 22, 2012. Approved by American National Standards Institute March 27, 2012." |
| 650 #0 - SUBJECT ADDED ENTRY--TOPICAL TERM | |
| Topical Term | Pipe, Steel |
| Topical Term | Water-pipes |
| 856 40 - ELECTRONIC LOCATION AND ACCESS | |
| Uniform Resource Identifier | http://site.ebrary.com/lib/rucke/Doc?id=10568072 |
No items available.
